00754 2200181 4500245004100000020002200041250001100063100001400074700001100088650001900099005001900118260003100137041001400168084000800182300002700190500034600217336000900563 aPengantar ManajemencR. SupomohText a978-602-374-840-2 aCet. 3 aR. Supomo aLia M. aManajemen Umum a20231107091722 aBandungbYrama Widyac2021 aIndonesia a658 avi, 122 hlm. :c24 cm. aSecara garis besar, manajemen adalah seni menggunakan sumber daya secara efektif untuk mencapai sasaran yang telah ditentukan. Dalam perjalanan mencapai sasaran tersebut, seringkali terjadi kemubaziran dan bahkan timbul gejala dehumanisasi. Belum lagi kemampuan manajemen yang buruk mengakibatkan kerugian bagi organisasi ataupun perusahaan. atext